De la ficción del mutuo acuerdo a la realidad del despido encubierto. Cuando el convenio revela el vicio / (Registro nro. 6043)
[ vista simple ]
| 000 -LEADER | |
|---|---|
| fixed length control field | 01442nab a22002537a 4500 |
| 003 - CONTROL NUMBER IDENTIFIER | |
| control field | OSt |
| 005 - DATE AND TIME OF LATEST TRANSACTION | |
| control field | 20260118212558.0 |
| 008 - FIXED-LENGTH DATA ELEMENTS--GENERAL INFORMATION | |
| fixed length control field | 190605e xxu||||| |||| 00| 0 spa d |
| 040 ## - CATALOGING SOURCE | |
| Transcribing agency | PJ |
| 100 ## - MAIN ENTRY--PERSONAL NAME | |
| 9 (RLIN) | 6833 |
| Personal name | Verrone, Pablo Martín |
| 245 10 - TITLE STATEMENT | |
| Title | De la ficción del mutuo acuerdo a la realidad del despido encubierto. Cuando el convenio revela el vicio / |
| Statement of responsibility, etc | Pablo Martín Verrone. |
| 260 ## - PUBLICATION, DISTRIBUTION, ETC. (IMPRINT) | |
| Place of publication, distribution, etc | Ciudad Autónoma de Buenos Aires : |
| Name of publisher, distributor, etc | Thomson Reuters La Ley, |
| Date of publication, distribution, etc | 2025. |
| 300 ## - PHYSICAL DESCRIPTION | |
| Extent | p. 93-95 |
| 500 ## - GENERAL NOTE | |
| General note | Cita: TR LALEY AR/DOC/2741/2025.<br/><br/> |
| 505 ## - FORMATTED CONTENTS NOTE | |
| Formatted contents note | Sumario: I. Introducción: cuando el ropaje legal no alcanza para ocultar la verdad.— II. El art. 241 LCT y sus condiciones de validez.— III. El caso: el acuerdo como imposición disfrazada.— IV. La sentencia: una disección jurídica del consentimiento viciado.— V. Reflexión final: cuando el acuerdo no es tan mutuo. |
| 505 ## - FORMATTED CONTENTS NOTE | |
| Formatted contents note | Fallo comentado: CNTrab., sala VIII ~ 27/08/2025 ~ Palermo, Luciano Pablo c. LAN Argentina S.A. s/ despido. |
| 505 ## - FORMATTED CONTENTS NOTE | |
| Title | ¿Te interesa el texto completo? Solicitalo al correo: koha@justierradelfuego.gov.ar |
| 650 #0 - SUBJECT ADDED ENTRY--TOPICAL TERM | |
| 9 (RLIN) | 1316 |
| Topical term or geographic name as entry element | DERECHO LABORAL |
| 650 #0 - SUBJECT ADDED ENTRY--TOPICAL TERM | |
| 9 (RLIN) | 1323 |
| Topical term or geographic name as entry element | CONTRATO DE TRABAJO |
| 650 #0 - SUBJECT ADDED ENTRY--TOPICAL TERM | |
| 9 (RLIN) | 1486 |
| Topical term or geographic name as entry element | EXTINCION DEL CONTRATO DE TRABAJO |
| 650 #0 - SUBJECT ADDED ENTRY--TOPICAL TERM | |
| 9 (RLIN) | 1533 |
| Topical term or geographic name as entry element | DESPIDO |
| 773 0# - HOST ITEM ENTRY | |
| Host Biblionumber | 2711 |
| Host Itemnumber | 3168 |
| Place, publisher, and date of publication | Ciudad Autónoma de Buenos Aires : Thomson Reuters La Ley, 1999-2002. |
| Title | Revista de derecho del trabajo. Nº 6 - Noviembre 2025 |
| 942 ## - ADDED ENTRY ELEMENTS (KOHA) | |
| Source of classification or shelving scheme | |
| Koha item type | Analítica Artículo de Revista |
No hay ítems disponibles.
